Responses for show #6296 - Monday, January 23, 2012

Contestants

[<< previous game]

Molly Newman, a writer and trivia hostess from Portland, Oregon

Kirby Burnett, a poker dealer from Prior Lake, Minnesota

Bob Powell, a network administrator from Fort Walton Beach, Florida (whose 1-day cash winnings total $4,800)

[next game >>]

Jeopardy! Round responses

COUNTRY GROUPS
CONSTELLATION TRANSLATION
DOMINO'S PIZZA
THAT'S TREASON!
2-LETTER WORDS
THE ARCTIC ENVIRONMENT
    $200 24
Lady Antebellum

Kirby
    $200 1
Gemini

Kirby
    $200 11
pepperoni

Kirby
    $200 12
(Molly: Who is Anne Boelyn?)

Marie Antoinette

KirbyMolly
    $200 2
om

Kirby
    $200 19
Land of the Midnight Sun

Bob
    $400 25
Alabama

Kirby
    $400 7
Ursa Major

Bob
    $400 14
Wisconsin

Bob
    $400 13
Benedict Arnold

Molly
    $400 3
re

Kirby
    $2,200 20
tundra

Bob
    $600 26
Rascal Flatts

Molly
    $600 8
(Kirby: What is Sagittarius?)

Aries

KirbyMolly
    $600 15
primavera

Bob
    $600 16
the Gunpowder Plot

Kirby
    $600 4
no

Bob
    $600 21
fjords

Molly
    $800 27
The Oak Ridge Boys

Molly
    $800 9
Libra

Molly
    $800 29
a Philly cheesesteak

Molly
    $800 17
chickens

Kirby
    $800 5
et

Molly
    $800 22
permafrost

Molly
    $1000 28
(Molly: Who are Brooks & Dunn?)

Lonestar

Molly
Triple Stumper
    $1000 10
Draco

Molly
    $1000 30
cinnamon

Molly
    $1000 18
Turkey

Kirby
    $1000 6
go

Molly
    $1000 23
an ice cap

Triple Stumper

Scores at the first commercial break (after clue 15):

Bob Kirby Molly
$2,000 $600 $4,400

Scores at the end of the Jeopardy! Round:

Bob Kirby Molly
$4,400 $3,600 $8,000

Double Jeopardy! Round responses

COUNTRY GROUPS
PICTURE THE "S"
CAN I HAVE A MOMENT?
REAL PEOPLE IN NOVELS
TALK ABOUT THE WEATHER
SCIENCE-FICTION TV
    $400 21
NATO

Bob
    $400 16
a sonogram

Molly
    $400 11
(Kirby: What is a teachable moment?)
(Bob: What is an epiphany?)
(Molly: What is a moment of truth?)

an Aha! Moment

BobKirbyMolly
Triple Stumper
    $400 1
F. Scott Fitzgerald

Molly
    $400 6
the breeze

Kirby
    $400 26
The Twilight Zone

Bob
    $800 22
Portugal & Spain

Bob
    $800 17
a swizzle stick

Kirby
    $800 12
NPR

Bob
    $800 2
Frank Lloyd Wright

Molly
    $800 7
the storm

Kirby
    $800 27
Falling Skies

Bob
    $1200 23
the Arab League

Molly
    $1200 18
a saguaro cactus

Molly
    $1200 13
Iran

Bob
    $1200 3
Fatty Arbuckle

Kirby
    $1200 8
their thunder

Bob
    $1200 28
Lost in Space

Molly
    $1600 24
North Africa

Kirby
    $1600 19
the Swiss Guard

Molly
    $1600 14
Virginia Woolf

Kirby
    $4,000 4
(Ernest) Hemingway

Kirby
    $5,600 9
"When it rains, it pours"

Bob
    $1600 29
Alphas

Triple Stumper
    $2000 25
Benelux

Kirby
    $2000 20
a secretary

Bob
    $2000 15
a moment of truth

Triple Stumper
    $2000 5
(Kirby: Who is Thomas More?)

Thomas Cromwell

Kirby
Triple Stumper
    $2000 10
the doldrums

Kirby
    $2000 30
Doctor Who

Molly

Scores at the end of the Double Jeopardy! Round:

Bob Kirby Molly
$17,200 $15,600 $16,400

[wagering suggestions for these scores]

Final Jeopardy! Round responses

AMERICAN HISTORY
KirbyWho are the Rough Riders
$12,000
MollyWho are the Sons of the Alamo
$16,398
BobWho was the group that fough @ th Alamo
$16,401
the Rough Riders

Final scores:

Bob Kirby Molly
$799 $27,600 $2
2nd place: $2,000 New champion: $27,600 3rd place: $1,000

Game dynamics:

Coryat scores:

Bob Kirby Molly
$11,400 $13,200 $16,400
15 R
(including 2 DDs),
1 W
19 R
(including 1 DD),
3 W
20 R,
3 W

Combined Coryat: $41,000

The J! Archive is created by fans, for fans. The Jeopardy! game show and all elements thereof, including but not limited to copyright and trademark thereto, are the property of Jeopardy Productions, Inc. and are protected under law. This website is not affiliated with, sponsored by, or operated by Jeopardy Productions, Inc. Join the discussion at JBoard.tv.